Manažovanie turistického ruchu vzdelávacie kurzy projektu Exceterr

Saved in:
Bibliographic Details
Main Author: Mizla, Martin, 1955-
Other Authors: Hlavňová, Anna
Format: Book
Language:Slovak
Published: Žilina EDIS-vydavateľstvo Žilinskej univerzity 2000
Subjects:
Tags: Add Tag
No Tags, Be the first to tag this record!

MARC

LEADER 00000nam$a2200000$$$4500
001 0034907
005 20240502071446.2
020 |a 80-7100-802-8 
041 0 |a slo 
044 |a SK 
245 1 0 |a Manažovanie turistického ruchu  |b vzdelávacie kurzy projektu Exceterr  |c Martin Mizla, Anna Hlavňová 
264 1 |a Žilina  |b EDIS-vydavateľstvo Žilinskej univerzity  |c 2000 
300 |a 55 s. 
610 2 0 |a turistika 
610 2 0 |a ruch cestovný 
610 2 0 |a manažment 
610 2 0 |a zákazníci 
610 2 0 |a produkty 
610 2 0 |a technológie informačné 
610 2 0 |a štúdie prípadové 
610 2 0 |a Slovensko 
100 1 |a Mizla, Martin, 1955- 
700 1 |a Hlavňová, Anna